[Event "Evry op 2nd"]
[Site "Evry"]
[Date "2006.11.04"]
[Round "5"]
[White "Picarda, Laurent"]
[Black "Simon, Benoit"]
[Result "1-0"]
[WhiteElo "2141"]
[BlackElo "1924"]
[PlyCount "89"]
[EventDate "2006.11.01"]
[EventType "swiss"]
[EventRounds "7"]
[EventCountry "FRA"]
[SourceTitle "EXT 2007"]
[Source "ChessBase"]
[SourceDate "2006.11.23"]
[SourceVersion "1"]
[SourceVersionDate "2006.11.23"]
[SourceQuality "1"]

1. e4 c5 2. Nc3 a6 3. Nf3 Nc6 4. d4 cxd4 5. Nxd4 Nf6 6. Bc4 e6 7. Bb3 Be7 8. 0-0 Qc7 9. Be3 0-0 10. Kh1 b5 11. f3 Bb7 12. Qe2 Rac8 13. Rad1 Rfd8 14. Qf2 Nxd4 15. Bxd4 Bc5 16. Qh4 Be7 17. e5 Nd5 18. Nxd5 Bxh4 19. Nxc7 Rxc7 20. Bb6 Rdc8 21. Bxc7 Rxc7 22. Rd4 Be7 23. Rfd1 Bc6 24. c3 a5 25. a3 Bc5 26. R4d2 Kf8 27. Rd3 Ke7 28. f4 h5 29. Re1 g6 30. Bd1 b4 31. axb4 Bb5 32. Rd2 axb4 33. Be2 Be3 34. Rd6 Bxe2 35. Rxe2 bxc3 36. bxc3 Rxc3 37. g3 Bc5 38. Rdd2 d6 39. Rc2 Ra3 40. Red2 Ra7 41. Kg2 Rc7 42. Rd3 Kd7 43. Kh3 d5 44. Kg2 Rc6 45. Rdc3 1-0

[Event "Champigny sur Marne op 6th"]
[Site "Champigny sur Marne"]
[Date "2006.02.18"]
[Round "3"]
[White "Verdier, Patrice"]
[Black "Picarda, Laurent"]
[Result "1-0"]
[WhiteElo "2243"]
[BlackElo "2121"]
[PlyCount "77"]
[EventDate "2006.02.16"]
[EventType "swiss"]
[EventRounds "6"]
[EventCountry "FRA"]
[SourceTitle "EXT 2007"]
[Source "ChessBase"]
[SourceDate "2006.11.23"]
[SourceVersion "1"]
[SourceVersionDate "2006.11.23"]
[SourceQuality "1"]

1. d4 Nf6 2. c4 c5 3. d5 b5 4. cxb5 a6 5. bxa6 g6 6. Nc3 d6 7. e4 Bg7 8. f4 0-0 9. Nf3 Nxa6 10. Bc4 Qa5 11. 0-0 Bg4 12. h3 Qb4 13. Qe2 Bxf3 14. Rxf3 Nc7 15. Bd2 Qxb2 16. Rb1 Qa3 17. Nb5 Nxb5 18. Rxa3 Nxa3 19. Rc1 Nxc4 20. Qxc4 Rfb8 21. a4 Nd7 22. a5 Bd4+ 23. Kh2 Nf6 24. Re1 Rb2 25. Bc1 Rb4 26. Qc2 e6 27. dxe6 fxe6 28. Qa2 d5 29. exd5 exd5 30. Re6 c4 31. a6 Kf7 32. Rc6 Ra7 33. Qa5 Rb1 34. Qd2 Ba1 35. Qe3 Re7 36. a7 Rxc1 37. Qxe7+ Kxe7 38. a8Q Bd4 39. Qa3+ 1-0

[Event "Cannes"]
[Site "Cannes"]
[Date "1999.??.??"]
[Round "2"]
[White "Hamdouchi, Hicham"]
[Black "Picarda, Laurent"]
[Result "1-0"]
[WhiteElo "2564"]
[BlackElo "2136"]
[PlyCount "41"]
[EventDate "1999.02.??"]
[EventType "k.o."]
[EventRounds "7"]
[EventCountry "FRA"]
[SourceTitle "EXT 2000"]
[Source "ChessBase"]
[SourceDate "1999.11.16"]
[SourceVersion "1"]
[SourceVersionDate "1999.11.16"]
[SourceQuality "1"]

1. e4 Nc6 2. Nf3 d6 3. d4 Bg4 4. d5 Nb8 5. h3 Bxf3 6. Qxf3 g6 7. Nc3 Bg7 8. g4 Nf6 9. h4 h5 10. g5 Nfd7 11. Bd2 a5 12. Qe2 Na6 13. f4 c6 14. Bh3 0-0 15. 0-0 Nb4 16. Be3 cxd5 17. Nxd5 Nxd5 18. exd5 a4 19. Rad1 f6 20. Be6+ Kh7 21. f5 1-0

[Event "Cannes"]
[Site "Cannes"]
[Date "1999.??.??"]
[Round "2"]
[White "Picarda, Laurent"]
[Black "Hamdouchi, Hicham"]
[Result "0-1"]
[WhiteElo "2136"]
[BlackElo "2564"]
[PlyCount "86"]
[EventDate "1999.02.??"]
[EventType "k.o."]
[EventRounds "7"]
[EventCountry "FRA"]
[SourceTitle "EXT 2000"]
[Source "ChessBase"]
[SourceDate "1999.11.16"]
[SourceVersion "1"]
[SourceVersionDate "1999.11.16"]
[SourceQuality "1"]

1. Nf3 c5 2. c4 Nc6 3. Nc3 Nd4 4. Ne5 d6 5. Qa4+ Bd7 6. Nxd7 Qxd7 7. Qd1 g6 8. e3 Nc6 9. b3 Bg7 10. Bb2 Nh6 11. h4 e6 12. g3 0-0 13. a3 d5 14. Qc2 d4 15. Ne4 Qe7 16. Bg2 Rad8 17. 0-0 Ng4 18. Ng5 h6 19. Nh3 Rd7 20. Ra2 Rfd8 21. Qd1 h5 22. Qa1 Na5 23. e4 Nxb3 24. Qd1 Na5 25. d3 Bh6 26. Bf3 f5 27. Re1 Nc6 28. exf5 gxf5 29. Bxc6 bxc6 30. Bc1 Bxc1 31. Qxc1 e5 32. Nf4 Qh7 33. Ne6 Re8 34. Nxc5 Rg7 35. Rae2 Qg6 36. Qg5 Qf7 37. Qc1 Rf8 38. Kh1 Qe7 39. Nb3 c5 40. Nd2 Qb7+ 41. f3 Ne3 42. Kh2 f4 43. gxf4 Rxf4 0-1

[Event "Cannes"]
[Site "Cannes"]
[Date "1999.??.??"]
[Round "1"]
[White "Ruffenach, Alain"]
[Black "Picarda, Laurent"]
[Result "0-1"]
[WhiteElo "2154"]
[BlackElo "2136"]
[PlyCount "82"]
[EventDate "1999.02.??"]
[EventType "k.o."]
[EventRounds "7"]
[EventCountry "FRA"]
[SourceTitle "EXT 2000"]
[Source "ChessBase"]
[SourceDate "1999.11.16"]
[SourceVersion "1"]
[SourceVersionDate "1999.11.16"]
[SourceQuality "1"]

1. d4 d5 2. Nf3 Nc6 3. e3 Nf6 4. c4 e6 5. Nc3 Bb4 6. Bd2 0-0 7. Bd3 Re8 8. 0-0 Ne7 9. a3 Bxc3 10. Bxc3 b6 11. cxd5 Nfxd5 12. Ne5 f6 13. Nf3 Bb7 14. Rc1 Qd7 15. Bd2 Ng6 16. h4 Rac8 17. h5 Nf8 18. e4 Ne7 19. Be3 Kh8 20. Re1 Rcd8 21. h6 gxh6 22. Bxh6 Nfg6 23. Re2 c5 24. Rec2 e5 25. d5 Rg8 26. b4 Qg4 27. Ne1 Qh4 28. Qd2 cxb4 29. Rc7 Bc8 30. axb4 Bd7 31. Rxa7 Nc8 32. Rb7 Nd6 33. Rxb6 Nxe4 34. Bxe4 Qxe4 35. Rxf6 Nh4 36. f3 Rxg2+ 37. Qxg2 Qd4+ 38. Qf2 Rg8+ 39. Kf1 Bb5+ 40. Nd3 Qxd3+ 41. Ke1 Rg1+ 0-1

[Event "FRA-ch op FIDE"]
[Site "Paris"]
[Date "1994.??.??"]
[Round "1"]
[White "Picarda, Laurent"]
[Black "Bleunven, Andre"]
[Result "0-1"]
[WhiteElo "2180"]
[BlackElo "2250"]
[PlyCount "122"]
[EventDate "1994.??.??"]
[EventType "swiss"]
[EventRounds "9"]
[EventCountry "FRA"]
[SourceTitle "EXT 1998"]
[Source "ChessBase"]
[SourceDate "1997.11.17"]
[SourceVersion "1"]
[SourceVersionDate "1997.11.17"]
[SourceQuality "1"]

1. d4 f5 2. Bg5 g6 3. e3 Bg7 4. Nf3 d6 5. c4 Nf6 6. Nc3 0-0 7. Be2 Qe8 8. 0-0 e5 9. dxe5 dxe5 10. Qb3 h6 11. Bxf6 Rxf6 12. Rad1 Kh7 13. Nd5 Rf7 14. Rd2 Nc6 15. Rfd1 e4 16. Ne1 Rb8 17. c5 Be6 18. Qa3 Rd7 19. Nf4 Rxd2 20. Rxd2 Bf7 21. b3 Rd8 22. Qc1 g5 23. Nh3 Qe5 24. f4 exf3 25. Rxd8 Nxd8 26. Nxf3 Qc3 27. Qxc3 Bxc3 28. Bd3 Bg6 29. Nd4 Bxd4 30. exd4 Ne6 31. Kf2 Nxd4 32. Ke3 Nc6 33. Bb5 f4+ 34. Kd2 Ne5 35. Nf2 Kg7 36. Kc3 a6 37. Be2 Kf6 38. b4 h5 39. a4 g4 40. a5 f3 41. gxf3 gxf3 42. Bf1 Nc6 43. Nd1 Ke5 44. Bc4 Be4 45. Bf7 h4 46. Be8 Nd4 47. Kd2 Bc6 48. Bf7 Nf5 49. Bg6 Ne7 50. Bh5 Kf4 51. Nc3 Nd5 52. Nxd5+ Bxd5 53. Bg6 Bc4 54. Bd3 Bxd3 55. Kxd3 c6 56. Kd2 Ke4 57. Ke1 Kd3 58. Kf2 Kc4 59. Kxf3 Kxb4 60. Kg4 Kxa5 61. Kxh4 Kb4 0-1

[Event "FRA-ch op FIDE"]
[Site "Paris"]
[Date "1994.??.??"]
[Round "9"]
[White "Picarda, Laurent"]
[Black "Dubois, Jean Marie"]
[Result "1-0"]
[WhiteElo "2180"]
[BlackElo "2305"]
[PlyCount "73"]
[EventDate "1994.??.??"]
[EventType "swiss"]
[EventRounds "9"]
[EventCountry "FRA"]
[SourceTitle "EXT 1998"]
[Source "ChessBase"]
[SourceDate "1997.11.17"]
[SourceVersion "1"]
[SourceVersionDate "1997.11.17"]
[SourceQuality "1"]

1. d4 d5 2. Bg5 h6 3. Bh4 c6 4. c3 a5 5. Nd2 Bf5 6. f3 Nf6 7. Bxf6 exf6 8. e4 Be6 9. Bd3 Bd6 10. Ne2 Qc7 11. exd5 cxd5 12. Kf2 Nc6 13. Ng3 h5 14. Ndf1 Ne7 15. Qc2 g6 16. h4 Rc8 17. Re1 Kf8 18. a4 Kg7 19. Ne2 Bf5 20. Ne3 Bxd3 21. Qxd3 f5 22. g3 f4 23. gxf4 Bxf4 24. Nxf4 Qxf4 25. Ng2 Qd6 26. Qe3 Nc6 27. Qf4 Qd8 28. Rhg1 Qb6 29. Ne3 Qxb2+ 30. Re2 Qxc3 31. Rxg6+ fxg6 32. Nf5+ gxf5 33. Qg5+ Kf8 34. Qxf5+ Kg7 35. Qd7+ Kg8 36. Qxc8+ Kg7 37. Qd7+ 1-0

[Event "Cappelle op 09th"]
[Site "Cappelle la Grande"]
[Date "1993.??.??"]
[Round "3"]
[White "Lendwai, Reinhard"]
[Black "Picarda, Laurent"]
[Result "1-0"]
[WhiteElo "2410"]
[BlackElo "2215"]
[PlyCount "119"]
[EventDate "1993.02.??"]
[EventType "swiss"]
[EventRounds "9"]
[EventCountry "FRA"]
[SourceTitle "TD"]
[Source "ChessBase"]
[SourceDate "1994.03.01"]
[SourceVersion "1"]
[SourceVersionDate "1994.03.01"]
[SourceQuality "1"]

1. e4 e5 2. Nf3 d6 3. Bc4 Be7 4. d4 exd4 5. Nxd4 Nf6 6. Nc3 0-0 7. Bb3 Nbd7 8. 0-0 Nc5 9. Qf3 Nxb3 10. axb3 g6 11. h3 c5 12. Nde2 Bd7 13. Qd3 Re8 14. Rd1 Bf8 15. Bg5 h6 16. Bh4 Bc6 17. f3 g5 18. Bg3 Qb6 19. Qc4 Rad8 20. Kf1 Rd7 21. Rd2 a6 22. Bf2 Qd8 23. Nd5 Nxd5 24. exd5 Bb5 25. Qg4 Rde7 26. c4 Bd7 27. Qg3 Bf5 28. f4 Bg7 29. fxg5 hxg5 30. Ng1 Re4 31. Nf3 g4 32. hxg4 Rxg4 33. Qh2 Qf6 34. Re1 Rxe1+ 35. Bxe1 Bh6 36. Bh4 Qg6 37. Rd1 Bd3+ 38. Kf2 Be4 39. Re1 f5 40. Bg3 f4 41. Bh4 Bg7 42. Kf1 Bd4 43. Bf2 Bf6 44. Qh3 Bd3+ 45. Kg1 Bf5 46. Qh2 Rg3 47. Kh1 Kg7 48. Nh4 Bxh4 49. Qxh4 Rxb3 50. Qd8 Rh3+ 51. gxh3 Be4+ 52. Rxe4 Qxe4+ 53. Kh2 Qf3 54. Qe7+ Kg8 55. Qe6+ Kh7 56. Bh4 Qb3 57. Qf7+ Kh6 58. Qxf4+ Kh7 59. Qf5+ Kg8 60. Qg6+ 1-0

[Event "Cannes op"]
[Site "Cannes"]
[Date "1992.??.??"]
[Round "?"]
[White "Legky, Nikolay A"]
[Black "Picarda, Laurent"]
[Result "1-0"]
[WhiteElo "2445"]
[BlackElo "2275"]
[PlyCount "63"]
[EventDate "1992.02.??"]
[EventType "swiss"]
[EventRounds "9"]
[EventCountry "FRA"]
[SourceTitle "TD"]
[Source "ChessBase"]
[SourceDate "1994.03.01"]
[SourceVersion "1"]
[SourceVersionDate "1994.03.01"]
[SourceQuality "1"]

1. d4 e6 2. e4 d5 3. Nc3 Bb4 4. exd5 exd5 5. Bd3 Nf6 6. h3 0-0 7. Qf3 c5 8. dxc5 Nc6 9. Nge2 d4 10. a3 Ba5 11. b4 dxc3 12. bxa5 Qxa5 13. Bg5 Ne5 14. Qg3 Nxd3+ 15. cxd3 Qa6 16. 0-0 h6 17. Bxf6 Qxf6 18. Rac1 Bd7 19. Nxc3 Bc6 20. Ne4 Qb2 21. Nd6 Qxa3 22. Nf5 g6 23. Nxh6+ Kh7 24. Ng4 Rh8 25. Qf4 Kg8 26. Nh6+ Kg7 27. Qxf7+ Kxh6 28. Rc4 Kh5 29. Rh4+ Kxh4 30. Qf4+ Kh5 31. g4+ Kh4 32. g5+ 1-0